|
|
|
|
| LEADER |
00000nab a2200000 a 4500 |
| 001 |
vtls000068275 |
| 003 |
SK-MaSNL |
| 005 |
20260304063755.0 |
| 008 |
250422c1980 xo 0 slo |
| 015 |
|
|
|a SNBRB19rr/mm-uuuuu
|
| 035 |
|
|
|a CL0078375
|
| 035 |
|
|
|a urn:nbn:sk:snk-ab2joe
|
| 035 |
|
|
|a (urnnbn)urn:nbn:sk:snk:ar-a02if9
|
| 035 |
|
|
|a (uuid)c62b0d85-964f-4d17-8d51-ea9daf3ead1f
|
| 040 |
|
|
|a SNKBUCL
|b slo
|c SNKBUCL
|e AACR2
|
| 041 |
0 |
|
|a slo
|
| 044 |
|
|
|a xo
|c SK
|
| 080 |
|
|
|a 141.45
|2 1981
|
| 080 |
|
|
|a 21
|2 1981
|
| 080 |
|
|
|a 140.8
|2 1981
|
| 100 |
1 |
|
|a Tříska, Miloslav
|4 aut
|9 278653
|
| 245 |
1 |
0 |
|a Pozitívny obsah a tvorivá úloha vedeckého ateizmu
|c Miloslav Tříska ; P. K. Kuročkin
|
| 650 |
0 |
7 |
|a vedecký ateizmus
|2 snkbucl
|9 82962
|
| 650 |
0 |
7 |
|a výchova ateistická
|2 snkbucl
|9 924343
|
| 655 |
|
7 |
|a články z novín a časopisov
|2 snkbucl
|9 267496
|
| 700 |
1 |
|
|a Kuročkin, P. K.
|4 aut
|9 1350615
|
| 773 |
0 |
|
|t Ateizmus
|g Roč. 8, č. 4 (1980), s. 379-385
|
| 787 |
0 |
8 |
|i Rec.:
|a Kuročkin, P. K.
|t Naučno-ateističeskoje vospitanije v systeme ideologičeskoj raboty
|d Moskva, 1980
|
| 850 |
|
|
|a Slovenská národná knižnica
|
| 852 |
|
|
|a Slovenská národná knižnica
|
| 954 |
|
|
|a odborná, vedecká literatúra pôvodná (slovenská)
|2 lita
|
| 958 |
|
|
|a article2022
|
| 958 |
|
|
|a RK
|
| 958 |
|
|
|a RU
|
| 958 |
|
|
|a OND
|
| 958 |
|
|
|a EUIPO
|
| 992 |
|
|
|a RBX
|
| 999 |
|
|
|c 2744065
|d 2745995
|